Bombers /

Bibliographic Details
Main Author: Gunston, Bill
Format: Book
Language:English
Published: New York : Grosset & Dunlap, 1978.
Series:Classic aircraft.
Subjects:

MARC

Tag First Indicator Second Indicator Subfields
LEADER 00000cam a2200000 i 4500
001 in00000665396
005 20151015083020.0
008 790221s1978 nyua 00010 eng d
010 |a  78054628  
020 |a 0448161737 
035 |a (OCoLC)04675264 
035 |9 ACX9920AM 
040 |a SPI  |c SPI  |d TXA  |d UtOrBLW 
049 |a TXAM  |c [444142] 
090 |a UG1242.B6  |b G86 1978a 
092 |a 623.7463  |b GUNS 
100 1 |a Gunston, Bill. 
245 1 0 |a Bombers /  |c Bill Gunston. 
264 1 |a New York :  |b Grosset & Dunlap,  |c 1978. 
300 |a 160 pages :  |b illustrations (some color) ;  |c 29 cm. 
336 |a text  |b txt  |2 rdacontent 
337 |a unmediated  |b n  |2 rdamedia 
338 |a volume  |b nc  |2 rdacarrier 
490 1 |a Classic aircraft 
500 |a Published in association with the Hamlyn Publishing Group. 
650 0 |a Bombers  |x History. 
830 0 |a Classic aircraft. 
999 |a MARS 
999 f f |s 7a290803-2e82-3bc5-ad92-02e7e4e547d9  |i c77173fc-4e88-3f1d-bae9-1f23acaedff9  |t 0 
952 f f |p ric  |a Texas A&M University  |b Rellis Campus  |c Joint Library Facility  |d Remote Storage  |t 0  |e UG1242.B6 G86 1978a  |h Library of Congress classification  |i unmediated -- volume  |m A14805705199 
998 f f |a UG1242.B6 G86 1978a  |t 0  |l Remote Storage